Normal view
MARC view
Entry Personal Name
001 - CONTROL NUMBER
- control field: 26781
003 - CONTROL NUMBER IDENTIFIER
- control field: OSt
005 - DATE AND TIME OF LATEST TRANSACTION
- control field: 20210811143623.0
008 - FIXED-LENGTH DATA ELEMENTS
- fixed length control field: 210811|| aca||aabn | a|a d
040 ## - CATALOGING SOURCE
- Original cataloging agency: OSt
- Transcribing agency: OSt
100 ## - HEADING--PERSONAL NAME
- Personal name: Vaagaasar, A.L., Hernes, T. and Dille, T.
670 ## - SOURCE DATA FOUND
- Source citation: Work cat.: (OSt)517553: Vaagaasar, A.L., Hernes, T. and Dille, T. , The challenges of implementing temporal shifts in temporary organizations: Implications of a situated temporal view
